Super Mario Characters - Statistics

General Stats
  • This quiz has been taken 78 times
  • The average score is 7 of 8
Answer Stats
Hint Character % Correct
Jumpman's Brother Luigi
100%
Originally called Jumpman Mario
100%
Also known as Princess Toadstool Peach
100%
King of the Koopas Bowser
99%
Princess that has a name of a type of flower Daisy
97%
This Nintendo Character can flutter jump Yoshi
86%
Mario's first enemy Goomba
73%
A turtle with two variants- red and green Koopa Troopa
71%
No matching quizzes found
Score Distribution
Percent of People with Each Score
Percentile by Number Answered
Your Score History
You have not taken this quiz